000 00398nam a2200145 i 4500
001 bg
100 1 _aREUTTER, Fritz
245 0 _aDarstellende Geometrie.
_nBd.1,
_pGrundbegriffe orthogonale Zweitafelprojektion, Axonometrie /
_cFritz Reutter.
250 _aAufl. 10.
260 _aKarlsruhe,
_c1972.
040 _cBPK
041 _apol
942 _cKS
008 s pl f |000 0 pol
999 _c26265
_d26265
856 _uhttp://koha.tu.koszalin.pl/cgi-bin/koha/opac-detail.pl?biblionumber=26265
_yKatalog online BPK